Name a Jetpunk User A-Z - Statistics

General Stats
  • This quiz has been taken 30 times
    6 since last reset
  • The average score is 5 of 24
Answer Stats
Letter Users % Correct
J Jerry928, Jiaozira, joez + 4 more
80%
K KoljiVriVoda, kiwirage, kalbahamut +3 more
80%
S scambigol, Stewart, skukka +3 more
80%
Q Quizzer6794, Quizgas
60%
A Aaron197, alberici, Amburr +1 more
40%
G Gamer1166, Gassu, Geoguy +5 more
40%
H HinesBrothers, helen62442, hwes
40%
R relessness, RBM5
40%
B buck1017, baptistegorce, bomber184
20%
L LBA, LovesPoetry, LegendBlackKyurem +1 more
20%
N nichster
20%
O OskarRB
20%
C CBTemple, cosmokim, cuotak +4 more
0%
D dub, Daigoro, duckling07
0%
E exotic
0%
F Freely, Fouquets
0%
I IAB, islabonita, interopia +1 more
0%
M miki2003, mac212121, MattPunk +6 more
0%
P PSTSCCH, Pinoccio
0%
T ThirdParty, Tottenham63
0%
V Volkswagen
0%
W WolfCam, WhiskeyTangoFoxtrot
0%
Y Youri704, Yev
0%
Z zwizdan007, Zefyrinus
0%
No matching quizzes found
Score Distribution
Percent of People with Each Score
Percentile by Number Answered
Your Score History
You have not taken this quiz since the last reset